| 000 | 00600nam a2200205 a 4500 | ||
|---|---|---|---|
| 001 | BRCA_6847 | ||
| 005 | 20190321142922.0 | ||
| 008 | 091111s1951----sp-abo####---#000-0#spa-# | ||
| 041 | _aspa | ||
| 044 | _asp | ||
| 050 | 4 | _b.C66 1951 | |
| 245 | 1 | 0 | _aComo ver Madrid. |
| 260 |
_aEspaña _bOrganización mundial de viajes _c[1951] |
||
| 300 |
_a26 p. _bil. (algunas a color), mapas, fotografías _c21 cm. |
||
| 500 | _aFolleto inventariado por Banco de México como libro | ||
| 500 | _aL133 | ||
| 651 | 4 |
_aEspaña _vGuía de viajeros _xDescripción y viajes _916675 |
|
| 902 | _aGFM | ||
| 942 |
_2lcc _cB |
||
| 999 |
_c6530 _d6530 |
||